| 000 | 00542nam a2200205Ia 4500 | ||
|---|---|---|---|
| 008 | 180207s9999 xx 000 0 und d | ||
| 020 | _a9780886798620 | ||
| 050 | _bC986 1990 | ||
| 100 | _aCushman, Sheila | ||
| 245 | _aBo and Rose / | ||
| 245 | _cby Sheila Cushman and Rona Kornblum ; illustrated by Llyn Hunter. | ||
| 260 | _aUK : | ||
| 260 | _bEducational Insights, | ||
| 260 | _c1990 | ||
| 300 | _a9 pages : | ||
| 300 | _bcolor illustrations ; | ||
| 300 | _c17cm. | ||
| 440 | _aPhonics readers : long vowels ; | ||
| 440 | _v7 | ||
| 999 |
_c355815 _d355815 |
||